|
|
|
|
| LEADER |
00000nab a2200000 a 4500 |
| 001 |
vtls001518401 |
| 003 |
SK-MaSNL |
| 005 |
20260318124916.0 |
| 008 |
160321c2005 xo |||||||| 000 b|hun |
| 015 |
|
|
|a SNBRB2005/02
|2 snkbucl
|
| 038 |
|
|
|a SNKBUCL
|
| 040 |
|
|
|a DSZK
|b slo
|c DSZK
|e AACR2
|
| 041 |
0 |
|
|a hun
|
| 044 |
|
|
|a xo
|c SK
|
| 080 |
|
|
|a 94(495.6)-051
|x "-03"
|2 UDC-MRF-SK2
|
| 080 |
|
|
|a 938-051
|x "-03"
|2 UDC-MRF-SK2
|
| 100 |
1 |
|
|a Vrabec, Mária,
|d 1970-
|4 aut
|9 102331
|
| 245 |
1 |
0 |
|a A gátlástalan duhaj
|b Nagy Sándor és a fiúk
|c Vrabec Mária
|
| 300 |
|
|
|b Fotogr.
|
| 600 |
0 |
7 |
|a Alexander Veľký,
|c macedónsky kráľ,
|d 356 pred Kr.-323 pred Kr.
|2 snkbucl
|9 163183
|
| 773 |
0 |
|
|t Vasárnap
|g Évf. 38, sz. 5 (2005), o. 22-23
|
| 852 |
|
|
|a SNK
|b KIS3GCP
|
| 852 |
|
|
|a DSZK
|b KIS3GCP
|
| 958 |
|
|
|a HU
|
| 958 |
|
|
|a GR
|
| 958 |
|
|
|a BC
|
| 999 |
|
|
|c 2259060
|d 2260990
|